Diario secreto de Susi : Diario secreto de Paul /
En el Diario secreto de Susi, su viejo amigo Paul vuelve a ir al mismo colegio de Susi, pero Susi ha notado que su mejor amigo ha cambiado mucho, desde que lo volvió a ver. Ahora Paul se comporta violentamente con un alumno nuevo, que viene de la India, se llama Ali, y Paul siempre que le ve con Pau...
Guardado en:
| Autor Principal: | |
|---|---|
| Formato: | Libro |
| Idioma: | Undetermined |
| Publicado: |
Madrid :
SM,
2004.
|
| Series: | El barco de vapor. Naranja ;
50 |
| Materias: | |
| Etiquetas: |
Agregar Etiqueta
Sin Etiquetas, Sea el primero en etiquetar este registro!
|
| LEADER | 02162nam a22002535a 4500 | ||
|---|---|---|---|
| 001 | CEM.cems019694 | ||
| 008 | 221006s2004####sp############000#0#und#d | ||
| 005 | 20221107100928.0 | ||
| 245 | 1 | 0 | |a Diario secreto de Susi : |b Diario secreto de Paul / |c Christine Nöstlinger ; traducción por Marinella Terzi. |
| 260 | |a Madrid : |b SM, |c 2004. | ||
| 300 | |a 100 p. ; |c 20 cm. | ||
| 490 | 1 | |a El barco de vapor. Naranja ; |v 50 | |
| 520 | |a En el Diario secreto de Susi, su viejo amigo Paul vuelve a ir al mismo colegio de Susi, pero Susi ha notado que su mejor amigo ha cambiado mucho, desde que lo volvió a ver. Ahora Paul se comporta violentamente con un alumno nuevo, que viene de la India, se llama Ali, y Paul siempre que le ve con Paula empieza a pegarle, un día incluso no fue al colegio porque salió perdiendo de una pelea y no quería que sus compañeros vieran el moratón que le hizo Ali en el ojo, ya que Ali no es un debilucho. En el Diario secreto de Paul, Paul vuelve a la ciudad y su madre se dispone a mandarle a su viejo colegio, con su amiga Susi. Paul cuando llega el primer día de colegio observa que Susi no es la misma, y no le dirige la palabra. La madre de Paul, pasadas unas semanas de colegio empieza a trabajar por la tarde, y entonces llama a casa de Susi para hablar con la madre de Susi y así decidir que Paul iría todo un mes a casa de Susi por la tarde, pero Susi no quiere eso, porque Paul se ha vuelto algo pesado y violento, Susi decide ir cada tarde a casa de un amigo de clase quedándose Paul con la madre de Susi. | ||
| 020 | |a 8434824043 | ||
| 100 | 1 | |a Nöstlinger, Christine. | |
| 082 | 0 | 4 | |a 839 |
| 653 | |a Literatura Infantil | ||
| 653 | |a Novela Infantil | ||
| 859 | |a CEMS |b BIB. CEMS - Inicial y Primaria |h 839 |i N842-1 |k IP |p 1914 |t Ej.1 | ||
| 859 | |a CEMS |b BIB. CEMS - Inicial y Primaria |h 839 |i N842-1 |k IP |p 1915 |t Ej.2 | ||
| 859 | |a CEMS |b BIB. CEMS - Inicial y Primaria |h 839 |i N842-1 |k IP |p 1917 |t Ej.3 | ||
| 859 | |a CEMS |b BIB. CEMS - Inicial y Primaria |h 839 |i N842-1 |k IP |p 3119 |t Ej.4 | ||
| 859 | |a CEMS |b BIB. CEMS - Inicial y Primaria |h 839 |i N842-1 |k IP |p 1916 |t Ej.5 | ||
| 859 | |a CEMS |b BIB. CEMS - Inicial y Primaria |h 839 |i N842-1 |k IP |p 3718 |t Ej.6 | ||
